000 00517nam a22001937a 4500
005 20230130115333.0
008 230130b ||||| |||| 00| 0 eng d
040 _cAL
041 _aeng
082 _223
_a305.56
_bKLYI
100 _aY N Kly
_970122
245 _aInternational law and the dalits in India
260 _aSwtitzerland
_bDalit Liberation Education Trust
_c1989
300 _a70p.
_bPB
_c22x14cm.
365 _2Sociology
650 _aDalits
_970123
700 _aKLY (Y N)
_970124
942 _2ddc
_cBK
999 _c226472
_d226472